Devinez la Capitale Mystère #148 - Statistiques

Statistiques générales
  • Ce quiz a été pris 93 fois
  • Le résultat moyen est 28 sur 39
Statistiques - réponses
Type de Réponse Réponse % Correct
Lettre Trouvée A
100%
Lettre Trouvée R
100%
Lettre de l'Alphabet I
99%
Lettre Trouvée S
99%
Lettre Bien Placée A
97%
Lettre Trouvée O
97%
Lettre de l'Alphabet P
96%
Lettre de l'Alphabet N
95%
Lettre de l'Alphabet E
93%
Lettre de l'Alphabet T
93%
Lettre de l'Alphabet B
92%
Lettre de l'Alphabet D
92%
Lettre de l'Alphabet L
92%
Lettre Trouvée M
92%
Lettre de l'Alphabet G
86%
Lettre Trouvée U
86%
Lettre de l'Alphabet C
82%
Lettre de l'Alphabet H
77%
Lettre Bien Placée S
76%
Lettre de l'Alphabet W
74%
Lettre de l'Alphabet V
72%
Lettre Trouvée K
70%
Lettre Trouvée Y
59%
Lettre de l'Alphabet J
58%
Lettre de l'Alphabet X
58%
Lettre Bien Placée M
55%
Lettre Bien Placée O
54%
Lettre Bien Placée U
54%
Lettre Bien Placée O
53%
Lettre Bien Placée O
53%
Lettre Bien Placée S
49%
Lettre de l'Alphabet Z
47%
Lettre de l'Alphabet F
46%
Lettre Bien Placée U
42%
Lettre Bien Placée Y
42%
Lettre Bien Placée K
41%
Lettre de l'Alphabet Q
41%
Lettre Bien Placée R
41%
Capitale Mystère Yamoussoukro
41%
Aucun quiz correspondant
Distribution des résultats
% des personnes avec chaque résultat
Percentile par nombre de réponses
Votre historique - résultats
Vous n’avez pas pris ce quiz